Использование торфяного полукокса и кокса в металлургии; Труды Всесоюзного научно-исследовательского института торфяной промышленности; Вып. 18

Bibliografiska uppgifter
Parent link:Труды Всесоюзного научно-исследовательского института торфяной промышленности/ Всесоюзный научно-исследовательский институт торфяной промышленности.— , 1956-1967
Вып. 18.— 1961.— С. 238-246
Övriga upphovsmän: Голоушин Н. С., Чистяков В. И., Куликов В. П., Кисина А. М., Ловецкий Л. В., Смирнов Ю. П., Шоленинов В. М.
Språk:ryska
Publicerad: 1961
Serie:Торф в металлургии
Materialtyp: Bokavsnitt
KOHA link:https://koha.lib.tpu.ru/cgi-bin/koha/opac-detail.pl?biblionumber=206263

MARC

LEADER 00000naa2a2200000 4500
001 206263
005 20231031190712.0
035 |a (RuTPU)RU\TPU\book\224835 
035 |a RU\TPU\book\224832 
090 |a 206263 
100 |a 20111229d1961 k y0rusy50 ca 
101 0 |a rus 
102 |a RU 
200 1 |a Использование торфяного полукокса и кокса в металлургии  |f Н. С. Голоушин [и др.] 
225 1 |a Торф в металлургии 
320 |a Библиогр.: с. 246 (7 назв.) 
461 0 |0 (RuTPU)RU\TPU\book\224773  |t Труды Всесоюзного научно-исследовательского института торфяной промышленности  |f Всесоюзный научно-исследовательский институт торфяной промышленности  |d 1956-1967 
463 0 |0 (RuTPU)RU\TPU\book\224810  |t Вып. 18  |v С. 238-246  |d 1961  |p 264 с. 
701 1 |a Голоушин  |b Н. С.  |4 070 
701 1 |a Чистяков  |b В. И.  |4 070 
701 1 |a Куликов  |b В. П.  |4 070 
701 1 |a Кисина  |b А. М.  |4 070 
701 1 |a Ловецкий  |b Л. В.  |4 070 
701 1 |a Смирнов  |b Ю. П.  |4 070 
701 1 |a Шоленинов  |b В. М.  |4 070 
801 1 |a RU  |b 63413507  |c 20111229 
801 2 |a RU  |b 63413507  |c 20111229  |g RCR 
942 |c BK